| 000 | 00610nam a22001817a 4500 | ||
|---|---|---|---|
| 003 | OSt | ||
| 008 | 260625b |||||||| |||| 00| 0 eng d | ||
| 020 | _a9789388892933 | ||
| 082 |
_a634.9076 _bS52F |
||
| 245 | _aForestry Terminologies Terms used in Forestry/ by Girish Shahapurmath...[et al.] | ||
| 260 |
_aNew Delhi: _bInternational Books & Periodicals Supply Service, _c2021 |
||
| 300 | _ax, 206 p. | ||
| 650 | _aTechnology (Applied Sciences) | ||
| 650 | _aForestry | ||
| 650 | _aForest Resource Management (Forest management aur forest mapping) | ||
| 700 | _aShahapurmath, Girish | ||
| 942 |
_2ddc _cBK |
||
| 999 |
_c52291 _d52291 |
||